=LDR 00000nam 2200000 4500 =001 INLIS00000000000109 =005 20260702043538 =020 ##$$a 978-623-293-312-5 =082 ##$$a 026.169 =100 1#$$a Thoriq, Cak =245 1 $$a Teknik Pengolahan Limbah Rumah Tangga /$c Cak Thoriq =300 ##$$a 100 ; 14x20